000 00475nam a2200145Ia 4500
003 LDD
008 190117s9999 xx 000 0 und d
020 _c₹65
040 _cLDD
041 _ahi
082 _a8h3.7 रो3664हि
100 _aरोडरमल, गार्डन चार्ल्स
245 0 _aहिन्दी कहानी अ-गाव का दर्शन
_cगार्डन चार्ल्स रोडरमल
942 _2ddc
_cH
999 _c168917
_d168917